[Event "24.Offene Herner Stadtmeisterschaft 2023"]
[Site "Herne"]
[Date "2023.01.30"]
[Round "1.1"]
[White "Bauer, Matthias"]
[Black "Koscielski, Janusz"]
[Result "0-1"]
[WhiteElo "1695"]
[BlackElo "2220"]
[PlyCount "46"]
[SourceDate "2023.02.04"]

1. d4 Nf6 2. f4 g6 3. Nf3 Bg7 4. c3 O-O 5. e3 d6 6. Bd3 Nc6 7. O-O e5 8. Nbd2
Qe7 9. Qc2 Re8 10. Ng5 h6 11. fxe5 dxe5 12. Nxf7 Qxf7 13. Bxg6 Qe7 14. Bxe8
Qxe8 15. Ne4 Nxe4 16. Qxe4 Bd7 17. b3 exd4 18. Qxe8+ Rxe8 19. exd4 Nxd4 20. Bb2
Ne2+ 21. Kh1 Nxc3 22. Bxc3 Bxc3 23. Rad1 Be6 0-1

[Event "24.Offene Herner Stadtmeisterschaft 2023"]
[Site "Herne"]
[Date "2023.01.30"]
[Round "1.2"]
[White "Quast, Marcel"]
[Black "Sikorski, Thomas"]
[Result "1-0"]
[WhiteElo "2218"]
[BlackElo "1693"]
[PlyCount "61"]
[SourceDate "2023.02.04"]

1. e4 e5 2. Nf3 Nf6 3. Nxe5 d6 4. Nf3 Nxe4 5. Nc3 Nxc3 6. dxc3 Be7 7. Bd3 O-O
8. Be3 Nc6 9. h3 Ne5 10. Nxe5 dxe5 11. Qe2 Be6 12. O-O-O Qc8 13. Kb1 f5 14. g4
e4 15. Bc4 Kh8 16. Rdg1 f4 17. Bc1 Bc5 18. Qxe4 Bxc4 19. Qxc4 Bxf2 20. Rf1 Be3
21. Rf3 b5 22. Qxb5 Rb8 23. Qf1 Qb7 24. b3 Bxc1 25. Kxc1 Qc6 26. Rh2 a5 27. a4
Qd6 28. Kb2 c5 29. Rhf2 c4 30. Qxc4 g5 31. Rd3 1-0

[Event "24.Offene Herner Stadtmeisterschaft 2023"]
[Site "Herne"]
[Date "2023.01.30"]
[Round "1.3"]
[White "Feldhaus, Thomas"]
[Black "Kiese, Matthias"]
[Result "0-1"]
[WhiteElo "1690"]
[BlackElo "1690"]
[PlyCount "108"]
[SourceDate "2023.02.04"]

1. d4 d5 2. Nf3 Nf6 3. c4 e6 4. Nc3 Nbd7 5. Bg5 Be7 6. e3 O-O 7. Qc2 c5 8. cxd5
Nxd5 9. Bxe7 Qxe7 10. Nxd5 exd5 11. Bd3 h6 12. b3 b6 13. Rc1 Bb7 14. O-O Rac8
15. Qe2 Nf6 16. Rc2 cxd4 17. Rxc8 Rxc8 18. Nxd4 g6 19. h3 Qb4 20. Ba6 Qe7 21.
Bxb7 Qxb7 22. Rd1 a6 23. Qd3 b5 24. Ne2 Qe7 25. a4 Qb4 26. axb5 axb5 27. Nd4
Rc3 28. Qxb5 Rxb3 29. Qxb4 Rxb4 30. Kf1 Rb2 31. Ne2 Ne4 32. f3 Nf6 33. Nc3 Rb3
34. Rd3 d4 35. exd4 Nd5 36. Nxd5 Rxd3 37. Ke2 Rxd4 38. Nc3 Rb4 39. Kf2 Rb2+ 40.
Kg3 g5 41. Nd1 Re2 42. Nc3 Rc2 43. Nd5 Kh7 44. f4 Rd2 45. Nf6+ Kg6 46. fxg5
hxg5 47. Ne4 Rd3+ 48. Kf2 Kf5 49. Ng3+ Ke5 50. Ne2 Ra3 51. Ng1 f6 52. Nf3+ Kf4
53. h4 Rxf3+ 54. gxf3 gxh4 0-1

[Event "24.Offene Herner Stadtmeisterschaft 2023"]
[Site "Herne"]
[Date "2023.01.30"]
[Round "1.4"]
[White "Waldschmidt, Georg"]
[Black "Bialas, Jan-Philip"]
[Result "1-0"]
[WhiteElo "2135"]
[BlackElo "1675"]
[PlyCount "71"]
[SourceDate "2023.02.04"]

1. e4 c5 2. c3 Nf6 3. e5 Nd5 4. d4 cxd4 5. Nf3 Nc6 6. Bc4 Nb6 7. Bb3 e6 8. cxd4
d5 9. Nc3 Be7 10. Bc2 O-O 11. Qd3 g6 12. a3 f6 13. exf6 Bxf6 14. h4 Qe7 15. Bh6
Bg7 16. Bxg7 Qxg7 17. Bb3 Bd7 18. h5 gxh5 19. Rxh5 Rxf3 20. gxf3 Nxd4 21. Ne2
Nxb3 22. Qxb3 Rd8 23. f4 Kf8 24. Qb4+ Ke8 25. Rg5 Qf7 26. O-O-O Rc8+ 27. Kb1 h6
28. Rg3 Qh7+ 29. Ka2 Rc4 30. Qd6 Rc6 31. Qb8+ Rc8 32. Qe5 Nc4 33. Qf6 Qf7 34.
Qh4 Qe7 35. Rg8+ Kf7 36. Rg7+ 1-0

[Event "24.Offene Herner Stadtmeisterschaft 2023"]
[Site "Herne"]
[Date "2023.01.30"]
[Round "1.5"]
[White "Klein, Andreas"]
[Black "Lang, Daniel"]
[Result "0-1"]
[WhiteElo "1673"]
[BlackElo "2116"]
[PlyCount "44"]
[SourceDate "2023.02.04"]

1. e4 e6 2. d4 d5 3. Nd2 Nc6 4. c3 e5 5. exd5 Qxd5 6. Qe2 Bf5 7. Nb3 O-O-O 8.
Be3 Nf6 9. Nf3 Bg4 10. h3 Bh5 11. g4 Nxg4 12. hxg4 Bxg4 13. Bh3 f5 14. Bxg4
fxg4 15. Nxe5 Qxh1+ 16. Kd2 Qd5 17. Qxg4+ Kb8 18. Nxc6+ Qxc6 19. Qg5 Rd5 20.
Qg4 h5 21. Qh4 g5 22. Bxg5 Rxg5 0-1

[Event "24.Offene Herner Stadtmeisterschaft 2023"]
[Site "Herne"]
[Date "2023.01.30"]
[Round "1.6"]
[White "Hammerich, Simon"]
[Black "Tolksdorf, Jürgen"]
[Result "1-0"]
[WhiteElo "2092"]
[BlackElo "1666"]
[PlyCount "71"]
[SourceDate "2023.02.04"]

1. c4 b6 2. d4 e6 3. e4 Bb7 4. d5 Bb4+ 5. Bd2 Qe7 6. Be2 Nf6 7. Bxb4 Qxb4+ 8.
Qd2 Na6 9. Nc3 exd5 10. exd5 O-O 11. Nf3 Rfe8 12. O-O c6 13. dxc6 Bxc6 14. a3
Qe7 15. b4 Nc7 16. Rfe1 Qd8 17. Rad1 d5 18. Nd4 Bb7 19. Bf3 Ne4 20. Qc2 Nxc3
21. Qxc3 Qf6 22. Rxe8+ Rxe8 23. h3 Ba8 24. c5 g6 25. a4 Ne6 26. cxb6 axb6 27.
a5 bxa5 28. bxa5 Ng5 29. Qd3 Nxf3+ 30. Nxf3 Qc6 31. Qa3 Qc2 32. Rc1 Qf5 33. Qc5
Bb7 34. Qb5 Re7 35. a6 Ba8 36. Qb8+ 1-0

[Event "24.Offene Herner Stadtmeisterschaft 2023"]
[Site "Herne"]
[Date "2023.01.30"]
[Round "1.7"]
[White "Steinke, Hans-Jörg"]
[Black "Hahn, Matthias"]
[Result "0-1"]
[WhiteElo "1644"]
[BlackElo "2084"]
[PlyCount "54"]
[SourceDate "2023.02.04"]

1. d4 d5 2. c4 e6 3. Nc3 Nf6 4. Bg5 Be7 5. e3 Nbd7 6. Nf3 h6 7. Bh4 O-O 8. Rc1
a6 9. Bd3 dxc4 10. Bxc4 b5 11. Bd3 Bb7 12. O-O c5 13. dxc5 Nxc5 14. Bb1 b4 15.
Ne2 Qb6 16. Ne5 Rfd8 17. Nd4 Rac8 18. Nc4 Qa7 19. Ne5 Bd5 20. Qe2 Nfe4 21. Bxe7
Qxe7 22. f3 Nf6 23. Nd3 Nxd3 24. Qxd3 e5 25. Rxc8 Rxc8 26. Nf5 Qd6 27. Rd1 e4
0-1

[Event "24.Offene Herner Stadtmeisterschaft 2023"]
[Site "Herne"]
[Date "2023.01.30"]
[Round "1.8"]
[White "Schulze-Schwering, Ph"]
[Black "Foltin, Alica"]
[Result "1-0"]
[WhiteElo "2017"]
[BlackElo "1623"]
[PlyCount "59"]
[SourceDate "2023.02.04"]

1. d4 Nf6 2. Nf3 d6 3. g3 g6 4. Bg2 Bg7 5. O-O O-O 6. c4 Nbd7 7. Nc3 e5 8. e4
Re8 9. h3 exd4 10. Nxd4 Nc5 11. Re1 a5 12. Ndb5 Bd7 13. Qc2 Bc6 14. Bd2 Re7 15.
a4 Qd7 16. Nd5 Nxd5 17. exd5 Bxb5 18. cxb5 b6 19. Rac1 Rae8 20. Rxe7 Rxe7 21.
b4 axb4 22. Bxb4 Bh6 23. Rb1 Nb7 24. Qc6 Qf5 25. Re1 Nd8 26. Qa8 Qd7 27. Rxe7
Qxe7 28. a5 bxa5 29. Bxa5 Kg7 30. Qb8 1-0

[Event "24.Offene Herner Stadtmeisterschaft 2023"]
[Site "Herne"]
[Date "2023.01.30"]
[Round "1.9"]
[White "Kamper, Marco"]
[Black "Trzaska, Peter"]
[Result "0-1"]
[WhiteElo "1606"]
[BlackElo "2036"]
[PlyCount "94"]
[SourceDate "2023.02.04"]

1. e4 d5 2. e5 Bf5 3. d4 e6 4. Bd3 Bxd3 5. Qxd3 c5 6. Nf3 cxd4 7. Nxd4 Nc6 8.
Nxc6 bxc6 9. O-O Ne7 10. Bg5 Qb6 11. Bxe7 Bxe7 12. Qb3 Rb8 13. Qxb6 Rxb6 14. b3
Kd7 15. Rd1 f6 16. exf6 Bxf6 17. c3 a5 18. Rd3 a4 19. Nd2 Ra8 20. Rd1 axb3 21.
axb3 Rba6 22. Ne4 Ra1 23. Nxf6+ gxf6 24. Kf1 Rxd1+ 25. Rxd1 Ra2 26. Ke1 Rb2 27.
b4 Rc2 28. Rd3 e5 29. Kf1 Ke6 30. g4 e4 31. Rh3 Kd6 32. Ke1 c5 33. b5 Rb2 34.
Rh6 Rxb5 35. Rxf6+ Ke5 36. Rf5+ Ke6 37. c4 Rb1+ 38. Kd2 d4 39. Rxc5 Rf1 40. Rf5
Ra1 41. h4 Ra2+ 42. Kc1 d3 43. Kd1 h5 44. Rf8 hxg4 45. Re8+ Kf5 46. Rf8+ Ke5
47. Rd8 Rxf2 0-1

[Event "24.Offene Herner Stadtmeisterschaft 2023"]
[Site "Herne"]
[Date "2023.01.30"]
[Round "1.10"]
[White "Melmer, Felix"]
[Black "Deutschmann, Jürgen"]
[Result "1-0"]
[WhiteElo "2031"]
[BlackElo "1603"]
[PlyCount "47"]
[SourceDate "2023.02.04"]

1. d4 d5 2. c4 c6 3. cxd5 cxd5 4. Bf4 Nf6 5. e3 Nc6 6. Nc3 e6 7. Rc1 a6 8. Bd3
Bd6 9. Bg5 h6 10. Bh4 Bd7 11. f4 Rc8 12. Nf3 Be7 13. O-O b5 14. a3 Ng8 15. Bxe7
Ngxe7 16. Ne5 Nxe5 17. fxe5 O-O 18. Qh5 Qb6 19. Rc2 Nc6 20. Rcf2 Be8 21. Qg4
Rc7 22. Qxe6 Kh8 23. Qf5 g6 24. Qf6+ 1-0

[Event "24.Offene Herner Stadtmeisterschaft 2023"]
[Site "Herne"]
[Date "2023.01.30"]
[Round "1.11"]
[White "Nizak, Bodo"]
[Black "Althoff, Ralph"]
[Result "0-1"]
[WhiteElo "1602"]
[BlackElo "1976"]
[PlyCount "97"]
[SourceDate "2023.02.04"]

1. e4 c5 2. Nf3 g6 3. d4 cxd4 4. Nxd4 Nc6 5. Bc4 Bg7 6. Be3 Nf6 7. Nc3 O-O 8.
O-O Nxe4 9. Nxe4 d5 10. Nxc6 bxc6 11. Bxd5 cxd5 12. Ng3 Bxb2 13. Rb1 Bf6 14.
Qd2 Ba6 15. Rfd1 Bc4 16. c3 Qa5 17. Rdc1 Rab8 18. Bh6 Rfd8 19. Rxb8 Rxb8 20. h4
e5 21. Bg5 Bg7 22. h5 Qxa2 23. Rc2 Rb1+ 24. Kh2 Qa4 25. h6 Bh8 26. Be7 f6 27.
f4 Qd7 28. Bb4 Qg4 29. Rc1 Qh4+ 30. Kg1 Rxc1+ 31. Qxc1 Qxg3 32. Qa3 Qe3+ 33.
Kh1 Qxf4 34. Qxa7 Qxh6+ 35. Kg1 Qc1+ 36. Kh2 h5 37. Qe7 Qf4+ 38. Kh1 Bg7 39.
Qe6+ Kh7 40. Bc5 Qc1+ 41. Kh2 Qxc3 42. Qb6 Qe1 43. Qb7 Qh4+ 44. Kg1 Qf4 45. Bf8
Qh6 46. Qd7 e4 47. Qc7 e3 48. Bd6 e2 49. Kf2 0-1

[Event "24.Offene Herner Stadtmeisterschaft 2023"]
[Site "Herne"]
[Date "2023.01.30"]
[Round "1.12"]
[White "Dunsche, Daniel"]
[Black "Mücke, Lukas"]
[Result "1-0"]
[WhiteElo "1959"]
[BlackElo "1599"]
[PlyCount "97"]
[SourceDate "2023.02.04"]

1. d4 d5 2. Nc3 e6 3. Bf4 Bd7 4. e3 a6 5. Bd3 Nf6 6. Nf3 c5 7. dxc5 Bxc5 8. O-O
O-O 9. e4 dxe4 10. Nxe4 Nxe4 11. Bxe4 Bc6 12. Bd3 Qf6 13. Bg3 Bxf3 14. Qxf3
Qxf3 15. gxf3 Nc6 16. Rfd1 Rfd8 17. c3 Rd5 18. Be4 Rxd1+ 19. Rxd1 Rd8 20. Rxd8+
Nxd8 21. Bc7 Nc6 22. f4 Be7 23. f5 exf5 24. Bxf5 Bd8 25. Bd6 Be7 26. Bg3 b6 27.
a4 Bf6 28. Bc7 Bd8 29. Bd6 Be7 30. Bf4 Bf6 31. Bd3 a5 32. Bb5 Ne5 33. Be3 Bd8
34. Kg2 Bc7 35. h3 f6 36. f4 Ng6 37. Kf3 Kf7 38. Ke4 Ke7 39. f5 Ne5 40. Kd5 g6
41. fxg6 hxg6 42. c4 Nd7 43. Kc6 Bd8 44. Kb7 f5 45. Kc8 Nc5 46. Bg5+ Kd6 47.
Bxd8 f4 48. Bc7+ Ke7 49. Bxf4 1-0

[Event "24.Offene Herner Stadtmeisterschaft 2023"]
[Site "Herne"]
[Date "2023.01.30"]
[Round "1.13"]
[White "Schulz, Angelika"]
[Black "Wiechen, Ulrich"]
[Result "0-1"]
[WhiteElo "1590"]
[BlackElo "1941"]
[PlyCount "80"]
[SourceDate "2023.02.04"]

1. Nf3 d5 2. c4 c6 3. d4 Bf5 4. Nc3 e6 5. Bf4 Bd6 6. Bg3 h5 7. Qb3 b6 8. Bxd6
Qxd6 9. c5 Qd8 10. cxb6 axb6 11. e3 Ne7 12. Be2 Nd7 13. Rc1 h4 14. h3 Rh6 15.
Rg1 Qb8 16. Kd2 b5 17. a3 Nb6 18. Qb4 Nc4+ 19. Bxc4 bxc4 20. Ra1 f6 21. Qxb8+
Rxb8 22. Ra2 g5 23. Na4 Nc8 24. Nc5 Nd6 25. Na6 Rb6 26. Nc5 Ne4+ 27. Nxe4 Bxe4
28. Rga1 Rh7 29. a4 Rhb7 30. Kc1 g4 31. a5 Ra6 32. hxg4 h3 33. Nh2 hxg2 34. Kd2
Rh7 35. f3 Rxh2 36. Kc3 Bxf3 37. Rg1 Rh1 38. Raa1 Rxa5 39. Rab1 Kd7 40. Kb4
Rb5+ 0-1

[Event "24.Offene Herner Stadtmeisterschaft 2023"]
[Site "Herne"]
[Date "2023.01.30"]
[Round "1.14"]
[White "Pinno, Gregor"]
[Black "Christopher, Heiduk"]
[Result "1-0"]
[WhiteElo "1911"]
[BlackElo "1583"]
[PlyCount "59"]
[SourceDate "2023.02.04"]

1. e4 e5 2. f4 d5 3. exd5 exf4 4. Nf3 Nf6 5. Bc4 Bd6 6. Qe2+ Qe7 7. Qxe7+ Bxe7
8. d4 Bf5 9. Bxf4 Bxc2 10. Bxc7 Ne4 11. O-O O-O 12. Rc1 Bxb1 13. Raxb1 Nd7 14.
Bd3 Nd6 15. Re1 Rfc8 16. Rxe7 Rxc7 17. Ng5 h6 18. Nf3 Rac8 19. Rbe1 Nf6 20.
R7e5 Nc4 21. Bxc4 Rxc4 22. Re7 Nxd5 23. Rxb7 Rc2 24. Re5 Nf4 25. Rc5 Rxg2+ 26.
Kh1 Re8 27. Rf5 Rg4 28. Rfxf7 Re3 29. Ne5 Rh4 30. Rxg7+ 1-0

[Event "24.Offene Herner Stadtmeisterschaft 2023"]
[Site "Herne"]
[Date "2023.01.30"]
[Round "1.15"]
[White "Meinberger, Manfred"]
[Black "Cobanoglu, Ferhat"]
[Result "0-1"]
[WhiteElo "1575"]
[BlackElo "1911"]
[PlyCount "38"]
[SourceDate "2023.02.04"]

1. d4 d6 2. c4 e5 3. d5 Nf6 4. Bg5 Be7 5. Qc2 Nxd5 6. cxd5 Bxg5 7. Nf3 Bh6 8.
Nc3 O-O 9. e3 c5 10. Bd3 f5 11. Nd2 Na6 12. a3 Nc7 13. O-O-O a6 14. Kb1 b5 15.
e4 g6 16. f3 c4 17. Be2 Bd7 18. Na2 Rc8 19. Rdf1 Qg5 0-1

[Event "24.Offene Herner Stadtmeisterschaft 2023"]
[Site "Herne"]
[Date "2023.01.30"]
[Round "1.16"]
[White "Rohloff, Markus"]
[Black "Rathke, Dieter"]
[Result "1-0"]
[WhiteElo "1881"]
[BlackElo "1552"]
[PlyCount "71"]
[SourceDate "2023.02.04"]

1. e4 c5 2. Nf3 Nc6 3. d4 cxd4 4. Nxd4 g6 5. Nc3 Bg7 6. Be3 a6 7. Bc4 Nf6 8. f3
O-O 9. Qd2 Nxd4 10. Bxd4 b5 11. Bb3 d6 12. O-O-O Bb7 13. h4 Rc8 14. h5 gxh5 15.
g4 b4 16. Nd5 Bxd5 17. Bxd5 e6 18. g5 Ne8 19. Bxg7 Nxg7 20. Bb3 Rc5 21. f4 a5
22. Qxd6 Qxd6 23. Rxd6 Rfc8 24. Rhd1 Re8 25. Rd7 Rcc8 26. Ra7 Ra8 27. Rdd7 Reb8
28. Rxa8 Rxa8 29. f5 Rf8 30. f6 h4 31. fxg7 Kxg7 32. Bxe6 Kg6 33. Bc4 Kxg5 34.
Rxf7 Re8 35. Rg7+ Kh6 36. Rg4 1-0

[Event "24.Offene Herner Stadtmeisterschaft 2023"]
[Site "Herne"]
[Date "2023.01.30"]
[Round "1.17"]
[White "Ponto, Michael"]
[Black "Schmidt, Ralph"]
[Result "0-1"]
[WhiteElo "1552"]
[BlackElo "1873"]
[PlyCount "92"]
[SourceDate "2023.02.04"]

1. d4 e5 2. dxe5 Nc6 3. Nf3 d6 4. exd6 Bxd6 5. e4 Qe7 6. Bd3 Bg4 7. O-O O-O-O
8. h3 Bh5 9. g4 Bg6 10. Bg5 f6 11. Be3 Bxe4 12. Nc3 Bxd3 13. cxd3 g5 14. Qa4
Ne5 15. Nd4 a6 16. Nf5 Nf3+ 17. Kg2 Nh4+ 18. Nxh4 gxh4 19. Qe4 h5 20. f3 Nh6
21. Qxe7 Bxe7 22. Rad1 Nf7 23. d4 Rhg8 24. Kh1 Nd6 25. Nd5 Rde8 26. Bf2 f5 27.
Nxe7+ Rxe7 28. Rfe1 Rxe1+ 29. Rxe1 hxg4 30. fxg4 fxg4 31. hxg4 Rxg4 32. Rg1
Rxg1+ 33. Kxg1 Nf5 34. Kh2 Kd7 35. Kh3 Ke6 36. Kg4 c6 37. a4 b5 38. axb5 axb5
39. Bg1 h3 40. Kxh3 Kd5 41. Kg2 Nxd4 42. Kf1 Kc4 43. Bxd4 Kxd4 44. Ke2 Kc4 45.
Kd2 Kb3 46. Kc1 Ka2 0-1

[Event "24.Offene Herner Stadtmeisterschaft 2023"]
[Site "Herne"]
[Date "2023.01.30"]
[Round "1.18"]
[White "Schmidt, Sebastian"]
[Black "von Blumenthal, Nikolaus"]
[Result "1-0"]
[WhiteElo "1868"]
[BlackElo "1541"]
[PlyCount "55"]
[SourceDate "2023.02.04"]

1. e4 d5 2. exd5 Qxd5 3. Nf3 Bg4 4. Be2 e6 5. d4 c6 6. c4 Qd8 7. O-O Be7 8. Re1
Nf6 9. Ne5 Bf5 10. Qb3 Qb6 11. Qe3 h6 12. Nc3 Nbd7 13. c5 Qd8 14. Qg3 Rg8 15.
Bc4 Kf8 16. Qf4 Nd5 17. Bxd5 cxd5 18. g4 Nxe5 19. Rxe5 Bg5 20. Qf3 Bxc1 21.
gxf5 Qg5+ 22. Kh1 f6 23. fxe6 Qf4 24. e7+ Ke8 25. Qxd5 Rh8 26. Re1 Bxb2 27. Nb5
Bxa1 28. Nd6+ 1-0

[Event "24.Offene Herner Stadtmeisterschaft 2023"]
[Site "Herne"]
[Date "2023.01.30"]
[Round "1.19"]
[White "Landwehr, Ingo"]
[Black "Funke, Eckhart"]
[Result "0-1"]
[WhiteElo "1511"]
[BlackElo "1868"]
[PlyCount "110"]
[SourceDate "2023.02.04"]

1. c4 Nf6 2. g3 e6 3. Bg2 d5 4. Nf3 c6 5. O-O Be7 6. b3 O-O 7. Bb2 Nbd7 8. e3
dxc4 9. bxc4 Qb6 10. Qc2 Qa5 11. a3 Qh5 12. d4 e5 13. dxe5 Ng4 14. Qc3 Ndxe5
15. h3 Nxf3+ 16. Bxf3 Bf6 17. hxg4 Bxc3 18. gxh5 Bxb2 19. Ra2 Bf6 20. Nd2 Be6
21. Rc2 Rad8 22. Ne4 Be7 23. Rb1 Rd7 24. c5 Rfd8 25. Nd6 Bxd6 26. cxd6 f6 27.
Rcb2 b6 28. Bxc6 Rxd6 29. Bf3 Bd5 30. Kg2 Bc4 31. Be2 Bf7 32. Rc1 Bd5+ 33. Bf3
Bxf3+ 34. Kxf3 Kf7 35. Rc7+ R8d7 36. Rxd7+ Rxd7 37. Ke4 Re7+ 38. Kd5 Re5+ 39.
Kc6 Rxh5 40. a4 Ra5 41. Rb5 h5 42. Kb7 g5 43. f3 Kg6 44. Kb8 a6 45. Rxb6 Rxa4
46. e4 a5 47. e5 Rb4 48. Rxb4 axb4 49. e6 b3 50. Kc7 b2 51. e7 b1=Q 52. e8=Q+
Kf5 53. Qc8+ Ke5 54. Qe8+ Kd4 55. Qd7+ Ke3 0-1

[Event "24.Offene Herner Stadtmeisterschaft 2023"]
[Site "Herne"]
[Date "2023.01.30"]
[Round "1.20"]
[White "Westendorp, Christian"]
[Black "Vossen, Dieter"]
[Result "1/2-1/2"]
[WhiteElo "1851"]
[BlackElo "1500"]
[PlyCount "46"]
[SourceDate "2023.02.04"]

1. d4 Nf6 2. c4 e6 3. Nc3 Bb4 4. f3 d5 5. e3 c5 6. a3 Bxc3+ 7. bxc3 b6 8. cxd5
exd5 9. Bb5+ Bd7 10. a4 O-O 11. Ne2 Bf5 12. Ng3 Bg6 13. Bd3 Nc6 14. Bxg6 fxg6
15. O-O Na5 16. e4 cxd4 17. cxd4 Nc4 18. e5 Ne8 19. Ne2 Nc7 20. Nf4 g5 21. Nd3
Rc8 22. a5 Nxa5 23. Ba3 Rf7 1/2-1/2

[Event "24.Offene Herner Stadtmeisterschaft 2023"]
[Site "Herne"]
[Date "2023.01.30"]
[Round "1.21"]
[White "Pollerberg, Amelie"]
[Black "Radi, Günter"]
[Result "0-1"]
[WhiteElo "1478"]
[BlackElo "1837"]
[PlyCount "88"]
[SourceDate "2023.02.04"]

1. c4 e5 2. Nc3 d6 3. g3 Nc6 4. Bg2 Nf6 5. d3 Be7 6. Nf3 h6 7. Bd2 O-O 8. O-O
Bg4 9. Qc1 Nd4 10. Be3 c5 11. Bxd4 exd4 12. Nd1 Qd7 13. e3 dxe3 14. Nxe3 Bh3
15. Rd1 Bxg2 16. Kxg2 Rad8 17. d4 Qc8 18. Qc2 Rfe8 19. Re1 Qc6 20. d5 Qd7 21.
Qf5 g6 22. Qf4 Kg7 23. Nc2 Nh5 24. Qd2 Bf6 25. Rab1 Rxe1 26. Ncxe1 Re8 27. Nd3
Kh7 28. b4 cxb4 29. Rxb4 b6 30. Nf4 Nxf4+ 31. Qxf4 Kg7 32. Qd2 Re7 33. Rb1 Qc8
34. Qd3 Rc7 35. Rc1 b5 36. Rc2 Rxc4 37. Rxc4 bxc4 38. Qc2 Qc5 39. Kf1 Qxd5 40.
Ke2 Qc5 41. Nd2 d5 42. Nb3 Qe7+ 43. Kf3 cxb3 44. Qxb3 Qe4# 0-1

[Event "24.Offene Herner Stadtmeisterschaft 2023"]
[Site "Herne"]
[Date "2023.01.30"]
[Round "1.22"]
[White "Löffelbein, Klaus"]
[Black "Mrowetz, Josef"]
[Result "1-0"]
[WhiteElo "1834"]
[BlackElo "1470"]
[PlyCount "63"]
[SourceDate "2023.02.04"]

1. d4 g6 2. e4 Nh6 3. Nf3 f6 4. Bc4 Bg7 5. O-O Nf7 6. Qe2 O-O 7. Nc3 d6 8. Rd1
Bg4 9. Be3 Kh8 10. Bxf7 Rxf7 11. Ng5 Bxe2 12. Nxf7+ Kg8 13. Nxd8 Bxd1 14. Rxd1
Nd7 15. Ne6 Bh8 16. Nxc7 Rc8 17. N7d5 Kf7 18. Rd2 e5 19. f4 a6 20. dxe5 fxe5
21. f5 gxf5 22. Rf2 f4 23. g3 Rg8 24. Kf1 Rg4 25. gxf4 Ke6 26. Nc7+ Ke7 27. Rg2
Rxg2 28. Kxg2 Kf7 29. f5 Nf6 30. Ne6 b5 31. a3 a5 32. Nd8+ 1-0

[Event "24.Offene Herner Stadtmeisterschaft 2023"]
[Site "Herne"]
[Date "2023.01.30"]
[Round "1.23"]
[White "Böcher, Joachim"]
[Black "Boost, Jürgen"]
[Result "0-1"]
[WhiteElo "1459"]
[BlackElo "1813"]
[PlyCount "30"]
[SourceDate "2023.02.04"]

1. d4 d5 2. Nf3 Nf6 3. Nbd2 e6 4. g3 c5 5. Bg2 Nc6 6. c3 Bd6 7. O-O O-O 8. Re1
Bd7 9. e4 dxe4 10. Nxe4 Nxe4 11. Rxe4 a6 12. Ne5 Nxe5 13. dxe5 Be7 14. f4 Bc6
15. Re2 Qxd1+ 0-1

[Event "24.Offene Herner Stadtmeisterschaft 2023"]
[Site "Herne"]
[Date "2023.01.30"]
[Round "1.24"]
[White "Nebel, Uwe"]
[Black "Krolik, Wilfried"]
[Result "1-0"]
[WhiteElo "1809"]
[BlackElo "1443"]
[PlyCount "51"]
[SourceDate "2023.02.04"]

1. e4 c5 2. Nc3 d6 3. f4 Nf6 4. Nf3 g6 5. Bc4 e6 6. e5 dxe5 7. fxe5 Nd5 8. Ne4
b6 9. Bxd5 exd5 10. Nf6+ Ke7 11. d4 h6 12. dxc5 Bb7 13. O-O bxc5 14. Qe1 Ba6
15. Rf2 Bg7 16. Bf4 Nc6 17. Rd1 d4 18. c3 d3 19. Qe4 Rc8 20. c4 Nb4 21. a3 Nc2
22. Rxd3 Nd4 23. Nd5+ Kf8 24. Nxd4 Bxc4 25. Ne6+ fxe6 26. Bg5+ 1-0

[Event "24.Offene Herner Stadtmeisterschaft 2023"]
[Site "Herne"]
[Date "2023.01.30"]
[Round "1.25"]
[White "Buchhop, Rainer"]
[Black "Bautz, Volker"]
[Result "0-1"]
[WhiteElo "1440"]
[BlackElo "1799"]
[PlyCount "68"]
[SourceDate "2023.02.04"]

1. Nf3 g6 2. c4 Bg7 3. Nc3 c5 4. g3 Nc6 5. Bg2 b6 6. O-O Bb7 7. e3 d6 8. d4 e6
9. d5 exd5 10. cxd5 Nce7 11. e4 Nf6 12. e5 Nfxd5 13. Nxd5 Bxd5 14. exd6 Qxd6
15. Bf4 Qc6 16. Qe2 Bf6 17. Bh6 O-O-O 18. Rac1 Rhe8 19. Qa6+ Qb7 20. Qxb7+ Kxb7
21. Rc2 Nc6 22. b3 Be4 23. Rd2 Rxd2 24. Bxd2 Rd8 25. Bf4 h5 26. Ng5 Bxg2 27.
Kxg2 Rd7 28. Ne4 Be5 29. Bg5 f5 30. Nf6 Bxf6 31. Bxf6 Rd2 32. a3 Nd4 33. b4 Nc2
34. bxc5 Ne3+ 0-1

[Event "24.Offene Herner Stadtmeisterschaft 2023"]
[Site "Herne"]
[Date "2023.01.30"]
[Round "1.27"]
[White "Scheithauer, Ralf"]
[Black "Boxberg, Olaf"]
[Result "0-1"]
[WhiteElo "1368"]
[BlackElo "1765"]
[PlyCount "86"]
[SourceDate "2023.02.04"]

1. e4 d6 2. Nf3 Nf6 3. Nc3 c6 4. d4 Qa5 5. Bd2 e5 6. dxe5 dxe5 7. Be2 Qc7 8. h3
Be7 9. O-O Nbd7 10. Re1 h6 11. Bd3 Nc5 12. Bf1 b5 13. b4 Ncd7 14. a3 Bb7 15.
Bd3 O-O 16. Ne2 Rad8 17. Ng3 Rfe8 18. Rc1 a5 19. c4 Nb6 20. c5 Rxd3 21. cxb6
Qxb6 22. Re3 Red8 23. Rxd3 Rxd3 24. Rc3 Rxd2 25. Nxd2 axb4 26. axb4 Bxb4 27.
Rd3 Bc5 28. Qe2 Bd4 29. Nb3 c5 30. Nxd4 exd4 31. e5 Nd5 32. Nf5 Nf4 33. Qg4 g5
34. Rg3 Kf8 35. h4 Bc8 36. hxg5 Qe6 37. Qxf4 Qxf5 38. Qh4 hxg5 39. Rxg5 Qb1+
40. Kh2 Be6 41. Qh8+ Ke7 42. Qf6+ Kd7 43. Rg8 Qh7+ 0-1

[Event "24.Offene Herner Stadtmeisterschaft 2023"]
[Site "Herne"]
[Date "2023.01.30"]
[Round "1.28"]
[White "Mayeres, Hans-Christian"]
[Black "Schmitz, Christopher"]
[Result "1-0"]
[WhiteElo "1763"]
[BlackElo "1362"]
[PlyCount "59"]
[SourceDate "2023.02.04"]

1. c4 e6 2. g3 Nf6 3. Bg2 d5 4. Nf3 Bd7 5. O-O Bd6 6. b3 O-O 7. Bb2 c6 8. d3
Re8 9. Ne5 Qc7 10. f4 Bxe5 11. Bxe5 Qb6+ 12. d4 Ng4 13. Qd2 Na6 14. c5 Qd8 15.
Bd6 Nc7 16. Nc3 f6 17. e4 dxe4 18. Nxe4 Nd5 19. Rae1 Nh6 20. Re2 Ne7 21. Bxe7
Rxe7 22. Nd6 Qc7 23. f5 e5 24. dxe5 Rxe5 25. Rxe5 fxe5 26. f6 Rf8 27. Qg5 Bc8
28. fxg7 Rxf1+ 29. Bxf1 Nf7 30. Bc4 1-0

[Event "24.Offene Herner Stadtmeisterschaft 2023"]
[Site "Herne"]
[Date "2023.01.30"]
[Round "1.29"]
[White "Ehm, Christian"]
[Black "Dlouhy, Peter"]
[Result "0-1"]
[WhiteElo "1345"]
[BlackElo "1750"]
[PlyCount "74"]
[SourceDate "2023.02.04"]

1. c4 Nf6 2. g3 g6 3. Bg2 Bg7 4. Nc3 c5 5. e3 O-O 6. Nge2 Nc6 7. O-O Ne5 8. d3
d6 9. f4 Nc6 10. a3 Bg4 11. h3 Bd7 12. Kh2 a6 13. Rb1 Rb8 14. b4 cxb4 15. axb4
b5 16. Nd4 Qb6 17. Nxc6 Bxc6 18. Bxc6 Qxc6 19. Qb3 bxc4 20. dxc4 Rfc8 21. Nd5
Nxd5 22. cxd5 Qc2+ 23. Qxc2 Rxc2+ 24. Kg1 Bc3 25. Rf2 Rxf2 26. Kxf2 Rxb4 27.
Rxb4 Bxb4 28. Bb2 f5 29. Kf3 Kf7 30. g4 e6 31. dxe6+ Kxe6 32. g5 Kd5 33. Ke2
Ke4 34. Kf2 Bc5 35. Bc1 a5 36. Ke2 a4 37. Bd2 a3 0-1

[Event "24.Offene Herner Stadtmeisterschaft 2023"]
[Site "Herne"]
[Date "2023.01.30"]
[Round "1.30"]
[White "Kleinert, Andreas"]
[Black "Kümmel, Hans-Jürgen"]
[Result "1-0"]
[WhiteElo "1749"]
[BlackElo "1329"]
[PlyCount "80"]
[SourceDate "2023.02.04"]

1. c4 c5 2. g3 g6 3. Bg2 Bg7 4. Nc3 Nc6 5. e3 e6 6. Nge2 Nf6 7. O-O O-O 8. d4
cxd4 9. exd4 d5 10. cxd5 Nxd5 11. Nxd5 exd5 12. Be3 Be6 13. Qd2 Qa5 14. Nc3
Rac8 15. a3 Ne7 16. Nxd5 Qd8 17. Nxe7+ Qxe7 18. Rac1 Rxc1 19. Rxc1 Rc8 20.
Rxc8+ Bxc8 21. Qc3 Qd8 22. b4 b5 23. Qc5 a6 24. h4 Bf8 25. Qd5 Qxd5 26. Bxd5
Be7 27. Kf1 Kf8 28. Ke2 Bd6 29. Kd3 Bf5+ 30. Kc3 Bc8 31. Bg5 Kg7 32. Bc6 h6 33.
Be3 h5 34. d5 Kf8 35. Bc5 Ke7 36. Kd4 f6 37. Ke3 f5 38. Kd4 Bxc5+ 39. bxc5 Kf6
40. f4 Ke7 1-0